000 00594nam a2200229Ia 4500
003 OSt
005 20220923230804.0
006 a|||||r|||| 00| 0
007 ta
008 Pun
024 _a305,536
037 _cTextual
040 _aARTS
_cARTS
_bPun
041 _2Pun
_aPun
082 _aQ8441, 153M1
100 _aਕਵੀFਰ, ਸਰਦੂਲ ਸਿੰਘ
_9169177
245 0 _aਸਿੱਖ ਧਰਮ ਦਰFਨ
260 _c1981
650 _aਧਰਮ
942 _hQ8441, 153M1
_cTEXL
_2CC
999 _c387328
_d387328